header

William of Sherwood's Treatise on syncategorematic words (Record no. 39627)

MARC details
000 -LEADER
fixed length control field 01432nam a2200373 a 4500
082 04 - DEWEY DECIMAL CLASSIFICATION NUMBER
Classification number 160
100 1# - MAIN ENTRY--AUTHOR NAME
Personal name Shirwood, William,
245 10 - TITLE STATEMENT
Title William of Sherwood's Treatise on syncategorematic words
260 ## - PUBLICATION, DISTRIBUTION, ETC. (IMPRINT)
Place of publication Minneapolis :
Name of publisher University of Minnesota Press,
Year of publication [1968]
300 ## - PHYSICAL DESCRIPTION
Number of Pages 173 p.
500 ## - GENERAL NOTE
General note Translation of Syncategoremata.
650 #0 - SUBJECT ADDED ENTRY--TOPICAL TERM
Topical Term Logic
Topical Term Logic, Medieval.
700 1# - ADDED ENTRY--PERSONAL NAME
Personal name Kretzmann, Norman.
856 40 - ELECTRONIC LOCATION AND ACCESS
Uniform Resource Identifier http://site.ebrary.com/lib/rucke/Doc?id=10231238

No items available.

© 2026 Rongo University
Contact us: librarian | system librarian | Rongo university